| 000 | 01608nam a2200373 c 4500 | ||
|---|---|---|---|
| 003 | BLK | ||
| 005 | 20250613150742.0 | ||
| 008 | 180408b bul|||||r ||||||| ||bul|| | ||
| 010 | _aKNG00085854000 | ||
| 020 |
_a978-954-761-247-1 _bиздат.: ИнфоДар |
||
| 040 | _aBLK | ||
| 041 |
_aBUL _cBUL |
||
| 080 |
_aПроблеми на окултното. Теории и системи на езотеричните дисциплини, които изясняват и интерпретират феномените и проблемите на окултното. Вж и 159.961; 291.3 _b133 _x _z133 |
||
| 700 | 1 |
_aИванова, М. _eпрев. _9300052 |
|
| 139 |
_aМагология _bМ 13 |
||
| 245 | 1 | 0 |
_aМагология _bИстинно изложение за магьосниците, техните методи и многобройни великолепни способности, разказано от учителя Мерлин _cпрев. М. Иванова. |
| 257 | _aGBR | ||
| 260 |
_аСофия _bИнфоДар _c2008 _fКитай |
||
| 300 |
_a30 с. _bс цв. ил. _c31 см |
||
| 380 | _aDN | ||
| 500 | _aОриг. загл. Wizardology. | ||
| 650 | 4 |
_aОкултизъм _9164936 |
|
| 650 | 4 |
_aАлхимия _9146813 |
|
| 650 | 4 |
_aМагьосници _9160918 |
|
| 653 | _aокултизъм | ||
| 653 | _aмагии | ||
| 653 | _aалхимия | ||
| 852 | _aЦб ІІ 15356 | ||
| 856 | 4 |
_qpdf _u |
|
| 856 | 4 |
_qpdf _u |
|
| 942 |
_cKNG _n0 _04 |
||
| 944 |
_aCR _c08.10.2008 _k30543 _lИва Цветкова |
||
| 944 |
_aED _c13.10.2008 _k |
||
| 999 |
_c81352 _d81352 |
||